E-procurement a elektronické výberové konania ako nástroje moderného nákupu spoločností

E-procurement a elektronické aukcie. Inovácie v oblasti obstarávacieho procesu. Elektronické aukcie využívané vo výberovom procese. Výskum realizovaný v podniku Mondi SCP, a.s.,ktorý sa zaoberá výrobou papiera a celulózy na ďalšie spracovanie alebo ako finálny produkt. Využitie systémov elektronický...

ver descrição completa

Na minha lista:
Detalhes bibliográficos
Autor principal: Ševčík, Jakub, 1995-
Formato: Capítulo de Livro
Idioma:eslovaco
Assuntos:
Tags: Adicionar Tag
Sem tags, seja o primeiro a adicionar uma tag!

MARC

LEADER 00000naa$a2200000$$$4500
001 0260389
005 20240502074125.6
041 0 |a slo 
044 |a SK 
245 1 0 |a E-procurement a elektronické výberové konania ako nástroje moderného nákupu spoločností  |c Jakub Ševčík 
520 |a E-procurement a elektronické aukcie. Inovácie v oblasti obstarávacieho procesu. Elektronické aukcie využívané vo výberovom procese. Výskum realizovaný v podniku Mondi SCP, a.s.,ktorý sa zaoberá výrobou papiera a celulózy na ďalšie spracovanie alebo ako finálny produkt. Využitie systémov elektronických aukcií v uvedenom podniku. 
610 2 0 |a obstarávanie elektronické 
610 2 0 |a aukcie 
610 2 0 |a odberatelia 
610 2 0 |a dodávatelia 
610 2 0 |a nákup elektronický 
610 2 0 |a priemysel papiernický 
610 2 0 |a spoločnosti akciové 
100 1 |a Ševčík, Jakub, 1995-